000 00755nam a2200241Ia 4500
003 OSt
005 20221005102924.0
006 a|||||r|||| 00| 0
007 ta
008 221004b |||||||| |||| 00| 0 hin d
024 _a30270
037 _cTextual
040 _aCRL
_cCRL
_bhin
041 _2hin
_ahin
082 _aV2y7N17, M4
100 _aमित्रा, रागिनी
245 0 _aकहानी प्रियदर्शिनी की
246 _aKahānī priyadarshinī kī
260 _aइलाहाबाद
_bआशु प्रकाशन
_c1984
300 _a226पृ.
_ccm.
942 _hV2y7N17, M4
_cTEXL
_2cc
999 _c1009106
_d1009106